000 00406cam a22001337a 4500
008 180718b1962 xxu||||| |||| 00| 0 eng d
082 _aT312 N213fi
100 _aPelomm, Norman E.
245 _aFinancial committees
_cby Norman E. Pelomm
260 _aDelhi
_bNational Industrial Conference Board
_c1962
300 _a66p.
500 _aStudies in Business Policy No. 105
650 _aCorporations - Finance
999 _c480838
_d480838